| 000 | 00368nam a2200133Ia 4500 | ||
|---|---|---|---|
| 008 | 240624s9999 xx 000 0 und d | ||
| 041 | _aeng | ||
| 082 | _a658.155 AND | ||
| 100 | _aANDERSEN TORBEN JUUL | ||
| 245 | _aMANAGING RISK AND OPPORTUNITY THE GOVERN | ||
| 260 |
_c2014 _aNew Delhi _bOxford University Press |
||
| 300 | _axii, 187 p.; 23 cm. | ||
| 365 |
_cBPS _b29 |
||
| 999 |
_c29949 _d29949 |
||